Alvar Aalto architect

Uloženo v:
Podrobná bibliografie
Médium: Kniha
Jazyk:angličtina
Vydáno: Helsinki Alvar Aalto Foundation 2004
Helsinki Alvar Aalto Academy 2004
Témata:
Tagy: Přidat tag
Žádné tagy, Buďte první, kdo vytvoří štítek k tomuto záznamu!

MARC

LEADER 00000nam a2200000 a 4500
001 UCG5823
003 CL-VaPUC
008 110324e20040000fi |||||||||||||||||eng|d
020 |a 9525498042 
082 0 4 |a 720.1  |b ALV  |2 21 
245 1 0 |a Alvar Aalto architect 
246 1 0 |a Sunila 1936-54 
300 |a v 
942 |c BK 
945 |d 20110324 00:00:00  |a dcastane 
260 |a Helsinki  |b Alvar Aalto Foundation  |c 2004 
260 |a Helsinki  |b Alvar Aalto Academy  |c 2004 
500 |a v.7: Sunila 1936-54 
600 0 7 |a ALVAR AALTO, HUGO HENRIK 1898-1976  |2 CL-VaPUC  |9 555680 
650 0 |a Arquitectura  |9 804558 
650 7 |a TEORIA DE LA ARQUITECTURA  |2 CL-VaPUC  |9 483680 
650 0 |a Arquitectura moderna  |9 265021 
650 0 |a Arquitectos finlandeses   |9 483808 
651 7 |a FINLANDIA  |2 CL-VaPUC  |9 268919 
583 |a last modification  |c 20171004 03:31:32  |k Rodrigo Vera 
999 |c 344185  |d 344183 
952 |0 0  |1 0  |4 0  |6 720_100000000000000_ALV_2004_2004  |7 0  |8 A  |9 442014  |a BIBARQ  |b BIBARQ  |d 2019-11-22  |h v.7  |i 4758048  |l 1  |o 720.1 ALV 2004 2004  |p 4758048  |r 2025-01-20  |s 2024-06-25  |w 2019-11-22  |y BK  |k ARQ